L'ipoteca navale nel diritto italiano (Record no. 115823)

MARC details
000 -LEADER
campo de control de longitud fija 00461nam a2200145 4500
001 - NÚMERO DE CONTROL
campo de control 115823
003 - IDENTIFICADOR DE NÚMERO DE CONTROL
campo de control ES-MaACL
005 - FECHA Y HORA DE LA ÚLTIMA TRANSACCIÓN
campo de control 20230906190552.0
007 - CAMPO FIJO DE DESCRIPCIÓN FÍSICA--INFORMACIÓN GENERAL
campo de control de longitud fija t|
008 - DATOS DE LONGITUD FIJA--INFORMACIÓN GENERAL
campo de control de longitud fija 061121s1908 it r ||||1| ita d
100 1# - ENTRADA PRINCIPAL--NOMBRE DE PERSONA
Nombre de persona Negri, Cesare.
9 (RLIN) 85300
245 12 - MENCIÓN DEL TÍTULO
Título L'ipoteca navale nel diritto italiano
Resto del título : con cenni comparativi di diritto straniero : Studio /
Mención de responsabilidad, etc. Cesare Negri.
260 ## - PUBLICACIÓN, DISTRIBUCIÓN, ETC.
Lugar de publicación, distribución, etc. Torino :
Nombre del editor, distribuidor, etc. Tip. Baravalle e Falconieri,
Fecha de publicación, distribución, etc. 1908.
852 ## - LOCALIZACIÓN
Ubicación ES-MaACL
Número de control de estantería T-1191-F-3
Holdings
Estatus retirado Estado de pérdida Estado de daño No para préstamo Colección Biblioteca de origen Biblioteca actual Ubicación en estantería Fecha de adquisición Fuente de adquisición Total de préstamos Signatura topográfica completa Código de barras Visto por última vez Precio de reemplazo Tipo de ítem Koha
        Colección de folletos Biblioteca del Ateneo de Madrid Biblioteca del Ateneo de Madrid Depósito folletos 17/01/2008     T-1191-F-3 1120784 23/02/2023 23/02/2023 Folleto